| 000 | 00000nam 2200000zi 4500 |
| 001 | 9.943224 |
| 003 | CaOODSP |
| 005 | 20250131103843 |
| 006 | m o d f |
| 007 | cr mn||||||||| |
| 008 | 240913e202410##onca ob f000 0 eng d |
| 020 | |a9780660736372 |
| 040 | |aCaOODSP|beng|erda|cCaOODSP |
| 043 | |an-cnm--|an-cn-qu|aln----- |
| 045 | |ax6y2 |
| 086 | 1 |aFs70-6/2024-055E-PDF |
| 245 | 00|aSouthern Gulf of St. Lawrence, NAFO Division 4T, white hake (Urophycis tenuis) stock assessment to 2022. |
| 246 | 17|aWhite hake stock assessment |
| 264 | 1|a[Ottawa] : |bCanadian Science Advisory Secretariat, |cOctober 2024. |
| 264 | 4|c©2024 |
| 300 | |a1 online resource (9 pages) : |billustrations (chiefly colour). |
| 336 | |atext|btxt|2rdacontent |
| 337 | |acomputer|bc|2rdamedia |
| 338 | |aonline resource|bcr|2rdacarrier |
| 490 | 1 |aScience advisory report, |x1919-5087 ; |v2024/055 |
| 500 | |aIssued also in French under title: Évaluation du stock de merluche blanche (Urophycis tenius) jusqu'en 2022 dans le sud du golfe du Saint-Laurent, zone 4T de l'OPANO. |
| 500 | |aTitle from caption. |
| 504 | |aIncludes bibliographical references (page 8). |
| 650 | 0|aUrophycis tenuis|zSaint Lawrence, Gulf of. |
| 650 | 0|aUrophycis tenuis fisheries|zSaint Lawrence, Gulf of. |
| 650 | 0|aFish stock assessment|zSaint Lawrence, Gulf of. |
| 710 | 2 |aCanadian Science Advisory Secretariat, |eissuing body. |
| 710 | 1 |aCanada. |bDepartment of Fisheries and Oceans. |bGulf Region, |eissuing body. |
| 775 | 08|tÉvaluation du stock de merluche blanche (Urophycis tenius) jusqu'en 2022 dans le sud du golfe du Saint-Laurent, zone 4T de l'OPANO.|w(CaOODSP)9.943225 |
| 830 | #0|aScience advisory report (Canadian Science Advisory Secretariat)|v2024/055.|w(CaOODSP)9.506226 |
| 856 | 40|qPDF|s361 KB|uhttps://publications.gc.ca/collections/collection_2025/mpo-dfo/fs70-6/Fs70-6-2024-055-eng.pdf |